000 00516nam a22001937a 4500
003 MPLRDC
005 20220105061131.0
008 210129b ||||| |||| 00| 0 eng d
020 _a978-957-13-7056-9
082 _a855 WZZ
100 _a王政忠
245 _a老师,你会不会回来
_c
250 _a三版一刷
260 _a台湾
_b时报文化出版企业股份有限公司
_c2017
300 _b
520 _a上架 2017-12-16。
650 _a散文:随笔、日记
942 _cBK
_o855 WZZ
999 _c69308
_d69298